[Event "AUS-ch U10"]
[Site "Wahroonga"]
[Date "2014.01.12"]
[Round "6"]
[White "Zoldos, Maxwell"]
[Black "Sen, Deniz"]
[Result "0-1"]
[WhiteElo "401"]
[BlackElo "581"]
[PlyCount "52"]
[EventDate "2014.01.11"]
[EventType "swiss"]
[EventRounds "9"]
[EventCountry "AUS"]
[SourceTitle "EXT 2020"]
[Source "ChessBase"]
[SourceDate "2019.10.17"]
[SourceVersion "1"]
[SourceVersionDate "2019.10.17"]
[SourceQuality "1"]

1. e4 e5 2. Nf3 Nc6 3. Nc3 Nf6 4. d4 d6 5. dxe5 dxe5 6. Qxd8+ Kxd8 7. Nd5 Nxe4 8. Bg5+ Nxg5 9. Nxg5 Kd7 10. Bb5 a6 11. Bxc6+ bxc6 12. Nxf7 Rg8 13. Nxe5+ Kd6 14. Nxc7 Kxc7 15. Nc4 Be6 16. Ne5 Bf5 17. 0-0-0 Bd6 18. Nc4 Rad8 19. Nxd6 Rxd6 20. Rhe1 Rgd8 21. b3 Rd2 22. Re7+ R2d7 23. Rde1 Kb6 24. R1e5 Rd2 25. f3 Rxc2+ 26. Kb1 Rd1# 0-1